| 000 | 00499nam a2200181Ia 4500 | ||
|---|---|---|---|
| 005 | 20250603144656.0 | ||
| 008 | 250603s9999 xx 000 0 und d | ||
| 020 | _a9788180612053 | ||
| 050 | _aRG 532 .C66/ | ||
| 100 | _aEdited by Sudha Prasad, Y. M. Mala & S. Batra | ||
| 245 | 0 | _aCommon viva discussions in obsterics & gynaecology | |
| 260 | _aNew Delhi | ||
| 260 | _bJaypee Brothers Medical Publishers (p) Ltd. | ||
| 260 | _c2004 | ||
| 300 | _a162 p | ||
| 650 | _aNew Delhi | ||
| 942 | _cBK | ||
| 999 |
_c39620 _d39620 |
||